|
|
|
|
| LEADER |
00000nam a2200000 a 4500 |
| 001 |
250918 |
| 003 |
Ucuenca |
| 005 |
20230308182327.0 |
| 008 |
005071|1993 ||||||||r|||||||||||spa|| |
| 020 |
|
|
|a 8471144123
|
| 040 |
|
|
|b spa
|
| 041 |
1 |
|
|a spa
|
| 082 |
0 |
|
|a 631.587
|
| 100 |
1 |
|
|a Amoros Castañer, Manuel.
|9 98538
|
| 245 |
|
|
|a Riego por goteo en cítricos: manual práctico
|c Manuel Amoros Castañer
|h imp
|
| 250 |
|
|
|a 2a. ed.
|
| 264 |
|
|
|a Madrid
|b Ediciones Mundi - Prensa
|c 1993
|
| 300 |
|
|
|a 142 páginas:
|b ilu
|c 19 cm
|
| 504 |
|
|
|a incl. ref.
|
| 650 |
|
|
|a Riego por goteo
|9 72977
|
| 650 |
|
|
|a Citricos - riego por goteo
|9 98539
|
| 650 |
|
|
|a Fertirrigacion
|9 76119
|
| 650 |
|
|
|a Fertilizantes
|9 1775
|
| 650 |
|
|
|a Tecnicas culturales
|9 98540
|
| 650 |
|
|
|a Goteo
|9 98541
|
| 852 |
|
|
|a UC-YANUNCAY
|c est_abierta
|f Compra
|k jterreros
|l 1
|m General
|p 2005-07-12
|q 4,50
|r 2
|t 250918
|b 0
|d CDRY
|e CDRY
|g 631.587
|z 2005-50-71
|
| 942 |
|
|
|c BK
|
| 999 |
|
|
|c 59380
|d 59380
|